History of Pagan Europe (Record no. 9535)

MARC details
000 -LEADER
fixed length control field 00642nam a2200253 a 4500
020 ## - INTERNATIONAL STANDARD BOOK NUMBER
ISBN 0415044
082 00 - DEWEY DECIMAL CLASSIFICATION NUMBER
Classification number 292
Author Cutter JON
100 ## - MAIN ENTRY--AUTHOR NAME
Author name Jones, Prudence
245 ## - TITLE STATEMENT
Title History of Pagan Europe
260 ## - PUBLICATION, DISTRIBUTION, ETC. (IMPRINT)
Place of publication London
Name of publisher Routledge Chapman Hall
Year of publication 1995
300 ## - PHYSICAL DESCRIPTION
Number of Pages 262p
500 ## - GENERAL NOTE
General note includes index and biblioraphy
505 2# - FORMATTED CONTENTS NOTE
Formatted contents note bibliography, index, notes
650 ## - SUBJECT ADDED ENTRY--TOPICAL TERM
Topical Term Europe-Religion
650 ## - SUBJECT ADDED ENTRY--TOPICAL TERM
Topical Term Paganism-History
650 ## - SUBJECT ADDED ENTRY--TOPICAL TERM
Topical Term Roman Religion
942 ## - ADDED ENTRY ELEMENTS (KOHA)
Koha item type Books
Holdings
Collection code Home library Current library Date acquired Cost, normal purchase price Full call number Accession Number Koha item type
  Henry Martyn Institute Library Henry Martyn Institute Library 07/20/2007 857.34 292 JON 017918 Books
                   Copyright © 2026 | Henry Martyn Institute | Hyderabad | TS-500052 | INDIA | Implemented by hmi.edu.in
Hit-Count:

Powered by Koha